Estadísticas para Prueba de los Gentilicios #2

Haz click aquí para intentar la prueba.

Estadísticas generales

  • Esta prueba ha sido intentada 144 veces
  • La puntuación promedio es 11 de 15

Estadísticas de respuestas

PaísGentilício% Correcto
DinamarcaDanés
99%
Estados UnidosEstadounidense
97%
MéxicoMexicano
96%
SueciaSueco
96%
IránIraní
94%
ArmeniaArmenio
93%
GeorgiaGeorgiano
88%
JordaniaJordano
81%
BahamasBahameño
74%
BangladésBangladesí
56%
Cabo VerdeCaboverdiano
56%
LaosLaosiano
47%
NígerNigerino
32%
Islas MarshallMarshalés
27%
MadagascarMalgache
19%

Distribución de puntuación

Porcentaje por número respondido

Porcentaje de gente con cada puntuación

Historial de tus puntuaciones

No has intentado esta prueba.